[Event "Robert Silk Young Masters"]
[Site "London, Great Eastern Hotel"]
[Date "1984.07.19"]
[Round "5"]
[White "Large, Peter G"]
[Black "Martin, Andrew D"]
[Result "0-1"]
[WhiteElo "2345"]
[BlackElo "2445"]
[PlyCount "106"]
[EventDate "1984.07.15"]
[EventType "tourn"]
[EventRounds "9"]
[EventCountry "ENG"]
[EventCategory "6"]
[SourceTitle "BritBase"]
[Source "John Saunders"]
[SourceDate "2020.09.07"]
[SourceVersion "1"]
[SourceVersionDate "2020.09.07"]
[SourceQuality "2"]

1. e4 e6 2. d4 d5 3. Nc3 Nf6 4. Bg5 Bb4 5. e5 h6 6. Bd2 Bxc3 7. bxc3 Ne4 8. Qg4
Kf8 9. h4 f5 10. exf6 Qxf6 11. Nf3 Nc6 12. Qf4 Nxd2 13. Qxd2 e5 14. Bb5 exd4
15. cxd4 Bg4 16. Bxc6 Bxf3 17. Bxb7 Re8+ 18. Kf1 Be2+ 19. Kg1 Bc4 20. Re1 Rxe1+
21. Qxe1 Kf7 22. Qa5 Qxd4 23. Qxc7+ Kg6 24. Qd6+ Kh7 25. Rh3 Re8 26. Re3 Rxe3
27. fxe3 Qxe3+ 28. Kh2 Qe4 29. Bc8 Qxh4+ 30. Kg1 Qd4+ 31. Kh2 Qf6 32. Qxf6 gxf6
33. a3 Kg6 34. Kg3 Kg5 35. Kf3 f5 36. c3 f4 37. Bd7 Bd3 38. g3 Be4+ 39. Kf2
fxg3+ 40. Kxg3 h5 41. Bc6 h4+ 42. Kh3 Bf5+ 43. Kg2 Be6 44. Kf3 Kf5 45. Bb5 Ke5
46. Bf1 a5 47. Bb5 h3 48. Ba6 Kd6 49. Kg3 Kc5 50. Be2 Bd7 51. Bf1 d4 52. c4 Be6
53. Kh2 Bf5 0-1

[Event "Robert Silk Young Masters"]
[Site "London, Great Eastern Hotel"]
[Date "1984.07.19"]
[Round "5"]
[White "Upton, Timothy J"]
[Black "Fuller, Maxwell L"]
[Result "0-1"]
[WhiteElo "2340"]
[BlackElo "2335"]
[PlyCount "82"]
[EventDate "1984.07.15"]
[EventType "tourn"]
[EventRounds "9"]
[EventCountry "ENG"]
[EventCategory "6"]
[SourceTitle "BritBase"]
[Source "John Saunders"]
[SourceDate "2020.09.07"]
[SourceVersion "1"]
[SourceVersionDate "2020.09.07"]
[SourceQuality "2"]

1. e4 c5 2. Nf3 g6 3. d4 Bg7 4. dxc5 Qa5+ 5. Bd2 Qxc5 6. Nc3 Nf6 7. Bd3 d6 8.
O-O Bg4 9. Be3 Qa5 10. h3 Bxf3 11. Qxf3 Nc6 12. Qe2 O-O 13. f4 Rad8 14. a3 d5
15. b4 Qc7 16. exd5 Nxd5 17. Nxd5 Rxd5 18. Be4 Rd7 19. Rad1 Nd4 20. Qf2 Rfd8
21. g4 b6 22. Rd2 Qc4 23. Kh2 Qe6 24. Bd3 Qc6 25. f5 Nxc2 26. b5 Qd6+ 27. Bf4
Be5 28. Rxc2 Bxf4+ 29. Qxf4 Qxf4+ 30. Rxf4 Rxd3 31. Ra4 R8d7 32. Rc8+ Kg7 33.
Ra8 Rc7 34. Rf4 Rc2+ 35. Kg1 Rxa3 36. fxg6 hxg6 37. h4 Rg3+ 38. Kf1 Rb3 39. Kg1
Rb1+ 40. Rf1 Rb4 41. Rxa7 Rxg4+ 0-1

[Event "Robert Silk Young Masters"]
[Site "London, Great Eastern Hotel"]
[Date "1984.07.20"]
[Round "6"]
[White "Horner, Jeff"]
[Black "Large, Peter G"]
[Result "0-1"]
[WhiteElo "2390"]
[BlackElo "2345"]
[PlyCount "112"]
[EventDate "1984.07.15"]
[EventType "tourn"]
[EventRounds "9"]
[EventCountry "ENG"]
[EventCategory "6"]
[SourceTitle "BritBase"]
[Source "John Saunders"]
[SourceDate "2020.09.07"]
[SourceVersion "1"]
[SourceVersionDate "2020.09.07"]
[SourceQuality "2"]

1. e4 e5 2. Nf3 Nc6 3. Bb5 Nf6 4. Qe2 d6 5. c3 Bd7 6. d4 Be7 7. Nbd2 exd4 8.
cxd4 O-O 9. O-O Re8 10. Re1 Bf8 11. Qf1 Nb4 12. Bd3 a6 13. a3 Nxd3 14. Qxd3 Bg4
15. b3 Bh5 16. d5 Bg6 17. Bb2 Nd7 18. Nd4 Qg5 19. Re3 Rac8 20. Qe2 Nc5 21. Rf1
Bh5 22. Qe1 Qf4 23. g3 Qh6 24. Nf5 Qg5 25. f4 Qd8 26. Nd4 c6 27. dxc6 bxc6 28.
f5 f6 29. b4 Na4 30. Ba1 Bf7 31. Qd1 Nb6 32. Qg4 Nd7 33. Qe2 a5 34. Qa6 c5 35.
Ne6 Bxe6 36. fxe6 Nb8 37. Qc4 Qe7 38. bxa5 Nc6 39. Bc3 Qxe6 40. Qxe6+ Rxe6 41.
Nc4 Rce8 42. Rd3 Rb8 43. Re1 Rb3 44. Ree3 f5 45. exf5 Rxe3 46. Nxe3 Ne5 47.
Bxe5 Rxd3 48. Bf4 Rxa3 49. Nc4 Ra1+ 50. Kf2 Ra4 51. Nxd6 Rxf4+ 52. gxf4 Bxd6
53. Ke3 Kf7 54. Ke4 Kf6 55. Kd5 Bb8 56. a6 Ba7 0-1

[Event "Robert Silk Young Masters"]
[Site "London, Great Eastern Hotel"]
[Date "1984.07.20"]
[Round "6"]
[White "King, Daniel J"]
[Black "Upton, Timothy J"]
[Result "1-0"]
[WhiteElo "2435"]
[BlackElo "2340"]
[PlyCount "85"]
[EventDate "1984.07.15"]
[EventType "tourn"]
[EventRounds "9"]
[EventCountry "ENG"]
[EventCategory "6"]
[SourceTitle "BritBase"]
[Source "John Saunders"]
[SourceDate "2020.09.07"]
[SourceVersion "1"]
[SourceVersionDate "2020.09.07"]
[SourceQuality "2"]

1. e4 e5 2. Nf3 Nc6 3. Bb5 a6 4. Ba4 d6 5. Bxc6+ bxc6 6. d4 f6 7. Be3 Ne7 8.
Nc3 Ng6 9. Qd2 Be7 10. O-O-O Be6 11. h4 h5 12. dxe5 fxe5 13. Ng5 Bxg5 14. Bxg5
Qb8 15. f3 O-O 16. g4 Rxf3 17. gxh5 Nf4 18. h6 g6 19. Bxf4 Rxf4 20. Rdg1 Bg4
21. Ne2 Bxe2 22. Qxe2 Qb4 23. Rxg6+ Kh8 24. Rg4 Rb8 25. c3 Qb5 26. Qxb5 cxb5
27. Rxf4 exf4 28. Rf1 Rf8 29. Kd2 Kh7 30. Ke2 Kxh6 31. Kf3 Kh5 32. Rg1 Kxh4 33.
Rg7 c6 34. Rg6 d5 35. exd5 cxd5 36. Rxa6 Kg5 37. Rd6 Rf5 38. Rb6 Re5 39. Rxb5
Kf5 40. a4 Re3+ 41. Kf2 Ke4 42. Rb4+ Ke5 43. a5 1-0

[Event "Robert Silk Young Masters"]
[Site "London, Great Eastern Hotel"]
[Date "1984.07.20"]
[Round "6"]
[White "Martin, Andrew D"]
[Black "Berg, Klaus"]
[Result "1-0"]
[WhiteElo "2445"]
[BlackElo "2375"]
[PlyCount "67"]
[EventDate "1984.07.15"]
[EventType "tourn"]
[EventRounds "9"]
[EventCountry "ENG"]
[EventCategory "6"]
[SourceTitle "BritBase"]
[Source "John Saunders"]
[SourceDate "2020.09.07"]
[SourceVersion "1"]
[SourceVersionDate "2020.09.07"]
[SourceQuality "2"]

1. e4 c6 2. d4 d5 3. Nd2 dxe4 4. Nxe4 Nf6 5. Ng3 e6 6. Nf3 c5 7. c3 Nc6 8. Bb5
Bd7 9. O-O cxd4 10. cxd4 Be7 11. Re1 O-O 12. a3 Qb6 13. Bd3 Rfd8 14. Ne2 Be8
15. Qc2 Rac8 16. Qb1 g6 17. Be3 Nd5 18. Nc3 Nxe3 19. fxe3 e5 20. dxe5 Na5 21.
Qc2 Bc5 22. Qe2 Bxe3+ 23. Kh1 Nb3 24. Rad1 Bc5 25. Bc4 Nd4 26. Nxd4 Bxd4 27.
Nd5 Qc5 28. Qe4 Bxb2 29. Qh4 Qxc4 30. Nf6+ Kg7 31. Qxh7+ Kf8 32. Qh6+ Ke7 33.
Ng8+ Ke6 34. Qh3+ 1-0

[Event "Robert Silk Young Masters"]
[Site "London, Great Eastern Hotel"]
[Date "1984.07.20"]
[Round "6"]
[White "Rayner, Emmanuel"]
[Black "Fuller, Maxwell L"]
[Result "1/2-1/2"]
[WhiteElo "2325"]
[BlackElo "2335"]
[PlyCount "31"]
[EventDate "1984.07.15"]
[EventType "tourn"]
[EventRounds "9"]
[EventCountry "ENG"]
[EventCategory "6"]
[SourceTitle "BritBase"]
[Source "John Saunders"]
[SourceDate "2020.09.07"]
[SourceVersion "1"]
[SourceVersionDate "2020.09.07"]
[SourceQuality "2"]

1. e4 c5 2. Nf3 Nc6 3. d4 cxd4 4. Nxd4 Qc7 5. Nc3 e6 6. Be2 a6 7. O-O Na5 8.
Bd3 Nf6 9. Qe2 d6 10. f4 Bd7 11. Kh1 h5 12. Nf3 Rc8 13. e5 Ng4 14. exd6 Bxd6
15. Ng5 Be7 16. Nf3 1/2-1/2

[Event "Robert Silk Young Masters"]
[Site "London, Great Eastern Hotel"]
[Date "1984.07.21"]
[Round "7"]
[White "Berg, Klaus"]
[Black "Horner, Jeff"]
[Result "1-0"]
[WhiteElo "2375"]
[BlackElo "2390"]
[PlyCount "77"]
[EventDate "1984.07.15"]
[EventType "tourn"]
[EventRounds "9"]
[EventCountry "ENG"]
[EventCategory "6"]
[SourceTitle "BritBase"]
[Source "John Saunders"]
[SourceDate "2020.09.07"]
[SourceVersion "1"]
[SourceVersionDate "2020.09.07"]
[SourceQuality "2"]

1. Nf3 Nf6 2. c4 g6 3. Nc3 Bg7 4. e4 O-O 5. d4 d6 6. Be2 Nc6 7. O-O e5 8. Be3
Ng4 9. Bg5 Bf6 10. Bxf6 Nxf6 11. h3 Bd7 12. Re1 Nh5 13. dxe5 dxe5 14. c5 Nf4
15. Bb5 Nd4 16. Bxd7 Nxf3+ 17. Qxf3 Qxd7 18. Nd5 Nxd5 19. exd5 Rfe8 20. Rad1
Qb5 21. Qc3 Rad8 22. b4 e4 23. a3 Qd7 24. Qc4 Qf5 25. Rd4 Kf8 26. Red1 Qe5 27.
d6 e3 28. fxe3 Qxe3+ 29. Kh1 cxd6 30. Rxd6 Rc8 31. Qh4 Kg8 32. Rd7 Rf8 33. Rxb7
Qxa3 34. Qc4 Rce8 35. Rf1 Re6 36. Rbxf7 Rfe8 37. Rf8+ Kg7 38. R1f7+ Kh6 39.
Qh4# 1-0

[Event "Robert Silk Young Masters"]
[Site "London, Great Eastern Hotel"]
[Date "1984.07.21"]
[Round "7"]
[White "Fuller, Maxwell L"]
[Black "King, Daniel J"]
[Result "1/2-1/2"]
[WhiteElo "2335"]
[BlackElo "2435"]
[PlyCount "60"]
[EventDate "1984.07.15"]
[EventType "tourn"]
[EventRounds "9"]
[EventCountry "ENG"]
[EventCategory "6"]
[SourceTitle "BritBase"]
[Source "John Saunders"]
[SourceDate "2020.09.07"]
[SourceVersion "1"]
[SourceVersionDate "2020.09.07"]
[SourceQuality "2"]

1. e4 c5 2. g3 d5 3. exd5 Qxd5 4. Nf3 Bg4 5. Bg2 Qe6+ 6. Kf1 Nc6 7. h3 Bf5 8.
d3 Rd8 9. Na3 Qc8 10. Nc4 Nf6 11. Nfe5 Nxe5 12. Nxe5 Be4 13. Bxe4 Nxe4 14. c4
Nf6 15. Qa4+ Nd7 16. Be3 e6 17. d4 cxd4 18. Bxd4 Bc5 19. Bxc5 Qxc5 20. Nxd7
Rxd7 21. Kg2 Ke7 22. Rhd1 Rhd8 23. Rxd7+ Rxd7 24. Qc2 g6 25. Qc3 Qd4 26. Rc1
Qxc3 27. Rxc3 Kd8 28. b4 Rd2 29. a3 h5 30. h4 Kc7 1/2-1/2

[Event "Robert Silk Young Masters"]
[Site "London, Great Eastern Hotel"]
[Date "1984.07.21"]
[Round "7"]
[White "Large, Peter G"]
[Black "Kosten, Anthony C"]
[Result "1/2-1/2"]
[WhiteElo "2345"]
[BlackElo "2420"]
[PlyCount "100"]
[EventDate "1984.07.15"]
[EventType "tourn"]
[EventRounds "9"]
[EventCountry "ENG"]
[EventCategory "6"]
[SourceTitle "BritBase"]
[Source "John Saunders"]
[SourceDate "2020.09.07"]
[SourceVersion "1"]
[SourceVersionDate "2020.09.07"]
[SourceQuality "2"]

1. e4 e6 2. d4 d5 3. Nc3 Bb4 4. e5 Ne7 5. a3 Bxc3+ 6. bxc3 c5 7. Nf3 b6 8. a4
Ba6 9. Bxa6 Nxa6 10. Qe2 Nb8 11. a5 Nbc6 12. dxc5 Nxa5 13. cxb6 axb6 14. Qb5+
Nac6 15. Rxa8 Qxa8 16. Qxb6 O-O 17. O-O Rb8 18. Qc5 Ng6 19. Qe3 Qa4 20. Qe2 Rb1
21. c4 dxc4 22. Qe4 Ra1 23. h4 h6 24. Be3 c3 25. Qxa4 Rxa4 26. Rd1 Nxh4 27.
Nxh4 Rxh4 28. f4 Nb4 29. g3 Rg4 30. Kf2 Nxc2 31. Bc5 f6 32. Kf3 h5 33. exf6
gxf6 34. Rc1 e5 35. Rxc2 e4+ 36. Kxe4 Rxg3 37. Bd4 h4 38. Rxc3 f5+ 39. Kxf5
Rxc3 40. Kg4 h3 41. Bg1 Kf7 42. Bh2 Kf6 43. Bg3 Ke6 44. Kxh3 Kf5 45. Kg2 Kg4
46. Bf2 Kxf4 47. Bg1 Kg4 48. Kh1 Kh3 49. Bh2 Rc1+ 50. Bg1 Rf1 1/2-1/2

[Event "Robert Silk Young Masters"]
[Site "London, Great Eastern Hotel"]
[Date "1984.07.21"]
[Round "7"]
[White "Upton, Timothy J"]
[Black "Martin, Andrew D"]
[Result "0-1"]
[WhiteElo "2340"]
[BlackElo "2445"]
[PlyCount "67"]
[EventDate "1984.07.15"]
[EventType "tourn"]
[EventRounds "9"]
[EventCountry "ENG"]
[EventCategory "6"]
[SourceTitle "BritBase"]
[Source "John Saunders"]
[SourceDate "2020.09.07"]
[SourceVersion "1"]
[SourceVersionDate "2020.09.07"]
[SourceQuality "2"]

1. e4 g6 2. d4 Bg7 3. Nc3 d6 4. f4 a6 5. Nf3 b5 6. a3 Bb7 7. Bd3 Nd7 8. O-O c5
9. d5 Ngf6 10. e5 Nxd5 11. Nxd5 Bxd5 12. Bxb5 Bb7 13. Bc4 Nb6 14. Ba2 O-O 15.
Be3 Qc7 16. Ng5 dxe5 17. f5 c4 18. Qg4 Qc6 19. Bxb6 Qxb6+ 20. Kh1 Rad8 21. Qxc4
Rd4 22. Qe2 Bf6 23. fxg6 hxg6 24. c3 Rh4 25. Nf3 Rh5 26. Rad1 e4 27. Nd4 Kg7
28. Qg4 Rg5 29. Qf4 e5 30. Ne6+ fxe6 31. Rd7+ Kh6 32. Qc1 e3 33. h4 Rg4 34. Qe1
0-1

[Event "Robert Silk Young Masters"]
[Site "London, Great Eastern Hotel"]
[Date "1984.07.22"]
[Round "8"]
[White "Hartston, William Roland"]
[Black "Large, Peter G"]
[Result "1/2-1/2"]
[WhiteElo "2440"]
[BlackElo "2345"]
[PlyCount "118"]
[EventDate "1984.07.15"]
[EventType "tourn"]
[EventRounds "9"]
[EventCountry "ENG"]
[EventCategory "6"]
[SourceTitle "BritBase"]
[Source "John Saunders"]
[SourceDate "2020.09.07"]
[SourceVersion "1"]
[SourceVersionDate "2020.09.07"]
[SourceQuality "2"]

1. d4 d5 2. Nf3 Nf6 3. e3 c5 4. Nbd2 cxd4 5. exd4 Nc6 6. c3 Bg4 7. h3 Bh5 8.
Bb5 Qc7 9. g4 Bg6 10. Ne5 Nd7 11. Nxg6 hxg6 12. Qf3 e6 13. h4 Qd8 14. h5 Qf6
15. Be2 gxh5 16. Rxh5 Rxh5 17. gxh5 Qh4 18. Nf1 Nf6 19. Be3 Bd6 20. O-O-O Ne4
21. Ng3 Bxg3 22. fxg3 Qxg3 23. Rg1 Qxf3 24. Bxf3 Kf8 25. c4 Ne7 26. h6 gxh6 27.
Bxh6+ Ke8 28. cxd5 exd5 29. Bh5 Rc8+ 30. Kb1 Rc6 31. Bf4 Rf6 32. Be5 Rf5 33.
Bd1 Nc6 34. Ba4 Ke7 35. Bxc6 bxc6 36. Rg8 Nd2+ 37. Kc2 Nf3 38. Ra8 Nxe5 39.
dxe5 Rf2+ 40. Kc3 c5 41. Rxa7+ Ke6 42. Rc7 Rf3+ 43. Kc2 c4 44. b3 cxb3+ 45.
axb3 Kxe5 46. b4 Kd6 47. Rc8 Ra3 48. b5 Ra7 49. Rc6+ Kd7 50. Kd3 Ra4 51. Rh6
Re4 52. b6 Re6 53. b7 Kc7 54. Rh7 Rf6 55. Kd4 Rf5 56. Rh6 Kxb7 57. Rd6 Rf1 58.
Rxd5 Kc6 59. Ra5 Kd6 1/2-1/2

[Event "Robert Silk Young Masters"]
[Site "London, Great Eastern Hotel"]
[Date "1984.07.22"]
[Round "8"]
[White "Horner, Jeff"]
[Black "Upton, Timothy J"]
[Result "0-1"]
[WhiteElo "2390"]
[BlackElo "2340"]
[PlyCount "112"]
[EventDate "1984.07.15"]
[EventType "tourn"]
[EventRounds "9"]
[EventCountry "ENG"]
[EventCategory "6"]
[SourceTitle "BritBase"]
[Source "John Saunders"]
[SourceDate "2020.09.07"]
[SourceVersion "1"]
[SourceVersionDate "2020.09.07"]
[SourceQuality "2"]

1. e4 e5 2. Nf3 Nc6 3. Bb5 a6 4. Ba4 d6 5. O-O Bg4 6. h3 Bh5 7. c4 Nf6 8. d4
Nd7 9. Bxc6 bxc6 10. Be3 Be7 11. Nbd2 O-O 12. Qa4 exd4 13. Nxd4 c5 14. Nc6 Qe8
15. Nxe7+ Qxe7 16. Rae1 Ne5 17. Qc2 f6 18. f4 Nc6 19. Qc3 Rab8 20. b3 Nb4 21.
a3 Nc6 22. Bf2 Rfe8 23. Kh2 Qd7 24. Rg1 Bf7 25. g4 Re7 26. Qd3 g5 27. Qc3 gxf4
28. Bh4 Re6 29. Bxf6 Ne5 30. Bg5 f3 31. Nxf3 Nxf3+ 32. Qxf3 Bg6 33. Rgf1 Rbe8
34. e5 Rxe5 35. Rxe5 dxe5 36. Be3 e4 37. Qg3 Qd3 38. Rf2 Qxb3 39. h4 Qxc4 40.
h5 Bf7 41. Rf5 Qe2+ 42. Kh3 h6 43. Rf2 Qe1 44. Kh2 Qc3 45. g5 hxg5 46. Rf5 Qb2+
47. Kh1 Qa1+ 48. Bg1 e3 49. Rxg5+ Kh8 50. Qf4 Bg8 51. Kh2 Qd4 52. Qg3 Qd2+ 53.
Kh3 Be6+ 54. Rg4 Qd4 55. Kh2 Bxg4 56. h6 Qd6 0-1

[Event "Robert Silk Young Masters"]
[Site "London, Great Eastern Hotel"]
[Date "1984.07.22"]
[Round "8"]
[White "Kosten, Anthony C"]
[Black "Berg, Klaus"]
[Result "1-0"]
[WhiteElo "2420"]
[BlackElo "2375"]
[PlyCount "63"]
[EventDate "1984.07.15"]
[EventType "tourn"]
[EventRounds "9"]
[EventCountry "ENG"]
[EventCategory "6"]
[SourceTitle "BritBase"]
[Source "John Saunders"]
[SourceDate "2020.09.07"]
[SourceVersion "1"]
[SourceVersionDate "2020.09.07"]
[SourceQuality "2"]

1. e4 c6 2. d4 d5 3. exd5 cxd5 4. c4 Nf6 5. Nc3 e6 6. Nf3 Bb4 7. Bd3 dxc4 8.
Bxc4 O-O 9. O-O b6 10. Bg5 Bb7 11. Rc1 Be7 12. Qe2 Nc6 13. Rfd1 Nb4 14. Ne5
Nbd5 15. Bd3 Nxc3 16. bxc3 Rc8 17. c4 g6 18. Bh6 Re8 19. Bc2 Qc7 20. Ba4 Red8
21. Rc3 Ne4 22. Re3 Nd6 23. Bf4 Bf6 24. Bb3 Ba6 25. Qg4 Qb7 26. c5 bxc5 27.
Bxe6 fxe6 28. Qxe6+ Nf7 29. Qxf6 Rxd4 30. Rde1 Rxf4 31. Qxf4 Nxe5 32. Rxe5 1-0

[Event "Robert Silk Young Masters"]
[Site "London, Great Eastern Hotel"]
[Date "1984.07.22"]
[Round "8"]
[White "Martin, Andrew D"]
[Black "Fuller, Maxwell L"]
[Result "1/2-1/2"]
[WhiteElo "2445"]
[BlackElo "2335"]
[PlyCount "83"]
[EventDate "1984.07.15"]
[EventType "tourn"]
[EventRounds "9"]
[EventCountry "ENG"]
[EventCategory "6"]
[SourceTitle "BritBase"]
[Source "John Saunders"]
[SourceDate "2020.09.07"]
[SourceVersion "1"]
[SourceVersionDate "2020.09.07"]
[SourceQuality "2"]

1. d4 Nf6 2. Nf3 d5 3. c4 c6 4. Nc3 g6 5. Bf4 Bg7 6. e3 O-O 7. Rc1 Qb6 8. b3
Bg4 9. Be2 Nbd7 10. O-O e6 11. h3 Bxf3 12. Bxf3 Rfe8 13. cxd5 exd5 14. Qc2 Bf8
15. Rfd1 Ba3 16. Rb1 Qb4 17. g4 Qe7 18. g5 Ne4 19. Nxe4 dxe4 20. Bg2 Nb6 21. h4
Nd5 22. Be5 Bd6 23. Bxe4 Bxe5 24. dxe5 Qxe5 25. Bxd5 cxd5 26. Rd4 h6 27. Rbd1
hxg5 28. Rxd5 Qe6 29. Rxg5 Rac8 30. Qe2 Qe4 31. Rg4 Qf5 32. e4 Qh5 33. Qf3 Rc3
34. Qg2 Rc2 35. Rd5 Re5 36. Rd8+ Kg7 37. Rd7 Re6 38. Rf4 Rf6 39. Qg3 Qe5 40.
Rxf6 Qxg3+ 41. fxg3 Kxf6 42. Rxb7 1/2-1/2

[Event "Robert Silk Young Masters"]
[Site "London, Great Eastern Hotel"]
[Date "1984.07.22"]
[Round "8"]
[White "Rayner, Emmanuel"]
[Black "King, Daniel J"]
[Result "1/2-1/2"]
[WhiteElo "2325"]
[BlackElo "2435"]
[PlyCount "42"]
[EventDate "1984.07.15"]
[EventType "tourn"]
[EventRounds "9"]
[EventCountry "ENG"]
[EventCategory "6"]
[SourceTitle "BritBase"]
[Source "John Saunders"]
[SourceDate "2020.09.07"]
[SourceVersion "1"]
[SourceVersionDate "2020.09.07"]
[SourceQuality "2"]

1. e4 c5 2. Nf3 d6 3. d4 cxd4 4. Nxd4 Nf6 5. Nc3 a6 6. Be2 e5 7. Nb3 Be7 8. O-O
O-O 9. a4 Nc6 10. f4 Nb4 11. Kh1 Bd7 12. Bf3 Bc6 13. a5 Rc8 14. Be3 d5 15. fxe5
dxe4 16. Be2 Qxd1 17. Bxd1 Nd7 18. Nd4 Bc5 19. Nxc6 Rxc6 20. Ra4 Bxe3 21. Rxb4
Bd2 1/2-1/2

[Event "Robert Silk Young Masters"]
[Site "London, Great Eastern Hotel"]
[Date "1984.07.23"]
[Round "9"]
[White "Fuller, Maxwell L"]
[Black "Horner, Jeff"]
[Result "1/2-1/2"]
[WhiteElo "2335"]
[BlackElo "2390"]
[PlyCount "90"]
[EventDate "1984.07.15"]
[EventType "tourn"]
[EventRounds "9"]
[EventCountry "ENG"]
[EventCategory "6"]
[SourceTitle "BritBase"]
[Source "John Saunders"]
[SourceDate "2020.09.07"]
[SourceVersion "1"]
[SourceVersionDate "2020.09.07"]
[SourceQuality "2"]

1. Nf3 Nf6 2. b3 d6 3. d4 g6 4. Bb2 Bg7 5. g3 O-O 6. Bg2 Nc6 7. O-O Bg4 8. d5
Nb4 9. h3 Bd7 10. c4 c6 11. a3 Na6 12. Nc3 Qc8 13. Kh2 Nc7 14. Qd2 Rb8 15. Rac1
a6 16. b4 Qd8 17. e4 cxd5 18. exd5 Rc8 19. Nd4 Na8 20. Ne4 Nxe4 21. Bxe4 Nb6
22. Qe2 Rc7 23. Bd3 Qc8 24. h4 Re8 25. Rfe1 Bxd4 26. Bxd4 Nxd5 27. Qb2 Nf6 28.
Bxf6 exf6 29. Qxf6 Re6 30. Rxe6 Bxe6 31. h5 b5 32. hxg6 hxg6 33. Re1 bxc4 34.
Bxg6 Qf8 35. Bc2 Rd7 36. Ba4 Rb7 37. Bc2 Rb8 38. Qd4 Rb5 39. Re4 Rd5 40. Qf6
Rh5+ 41. Rh4 Rxh4+ 42. gxh4 Qg7 43. Qd8+ Qf8 44. Qg5+ Qg7 45. Qd8+ Qf8 1/2-1/2

[Event "Robert Silk Young Masters"]
[Site "London, Great Eastern Hotel"]
[Date "1984.07.23"]
[Round "9"]
[White "Large, Peter G"]
[Black "Rayner, Emmanuel"]
[Result "0-1"]
[WhiteElo "2345"]
[BlackElo "2325"]
[PlyCount "92"]
[EventDate "1984.07.15"]
[EventType "tourn"]
[EventRounds "9"]
[EventCountry "ENG"]
[EventCategory "6"]
[SourceTitle "BritBase"]
[Source "John Saunders"]
[SourceDate "2020.09.07"]
[SourceVersion "1"]
[SourceVersionDate "2020.09.07"]
[SourceQuality "2"]

1. e4 c5 2. Nf3 d6 3. d4 cxd4 4. Nxd4 Nf6 5. Nc3 a6 6. Be3 e6 7. f4 Nbd7 8. Qf3
e5 9. Nb3 exf4 10. Qxf4 Be7 11. Be2 O-O 12. g4 Ne5 13. Rg1 Be6 14. O-O-O b5 15.
g5 Nfd7 16. Nd4 Re8 17. Nf5 Qc7 18. Nd5 Bxd5 19. Rxd5 Rac8 20. Rd2 Bf8 21. Bd4
d5 22. Kb1 dxe4 23. Rg3 g6 24. Rc3 Qb8 25. Rxc8 Rxc8 26. Bxe5 Nxe5 27. Rd5 gxf5
28. Qxe5 Qxe5 29. Rxe5 Rc5 30. Re8 Kg7 31. h4 Bd6 32. Rd8 Be7 33. Re8 Re5 34.
h5 h6 35. gxh6+ Kxh6 36. c4 f4 37. cxb5 f3 38. Bd1 axb5 39. Rh8+ Kg7 40. Re8
Rd5 41. Kc2 Bg5 42. Rxe4 Rd2+ 43. Kc1 Rd4+ 44. Kb1 Rxe4 45. Be2 fxe2 46. Ka1
e1=Q# 0-1

[Event "Robert Silk Lady Masters"]
[Site "London, Great Eastern Hotel"]
[Date "1984.07.15"]
[Round "1"]
[White "Hamid, Rani"]
[Black "Hoiberg, Nina"]
[Result "0-1"]
[WhiteElo "2135"]
[BlackElo "2120"]
[PlyCount "140"]
[EventDate "1984.07.15"]
[EventType "tourn"]
[EventRounds "9"]
[EventCountry "ENG"]
[SourceTitle "BritBase"]
[Source "John Saunders"]
[SourceDate "2020.09.07"]
[SourceVersion "1"]
[SourceVersionDate "2020.09.07"]
[SourceQuality "2"]

1. e4 e5 2. Nf3 Nc6 3. Bb5 Nd4 4. Nxd4 exd4 5. O-O c6 6. Be2 Nf6 7. d3 Qc7 8.
f4 d6 9. c3 Qb6 10. Kh1 h5 11. Nd2 dxc3 12. bxc3 Ng4 13. Bxg4 hxg4 14. f5 Qe3
15. Nf3 Qc5 16. Nd4 Qxc3 17. Be3 Be7 18. Rc1 Qa3 19. Qc2 Bd7 20. Rb1 Qa6 21.
Ne2 b6 22. d4 c5 23. dxc5 dxc5 24. Ng3 Bb5 25. Rfd1 Ba4 26. Qb2 Bxd1 27. Rxd1
Qa4 28. Rd2 Bf6 29. e5 Bh4 30. Nf1 Be1 31. Re2 Qb4 32. Qc2 Bh4 33. f6 gxf6 34.
exf6 O-O-O 35. g3 Bxf6 36. Qf5+ Kb7 37. Qxf6 Qc4 38. Qf2 Rd1 39. Kg1 Re8 40.
Qg2+ Ka6 41. Qf2 Qd3 42. Re1 Rxe1 43. Qxe1 c4 44. Qf2 c3 45. a4 c2 46. Bc1 Re2
47. Qf4 Qf3 48. Qxf3 gxf3 49. h4 Re1 50. Bb2 c1=Q 51. Bxc1 Rxc1 52. Kf2 Ka5 53.
h5 Kxa4 54. Ne3 Rh1 55. g4 Rh3 56. Nc4 f5 57. gxf5 Rxh5 58. Ne3 b5 59. Kxf3 b4
60. Kg4 Rh8 61. f6 b3 62. Nd1 Ka3 63. Kg5 b2 64. Nc3 Kb3 65. Nb1 a5 66. Kg6 a4
67. Kg7 Rd8 68. f7 a3 69. Nd2+ Kc2 70. Nc4 a2 0-1

[Event "Robert Silk Lady Masters"]
[Site "London, Great Eastern Hotel"]
[Date "1984.07.15"]
[Round "1"]
[White "Hepworth, Mandy"]
[Black "Khadilkar, Jayshree"]
[Result "1/2-1/2"]
[WhiteElo "1900"]
[BlackElo "1970"]
[PlyCount "69"]
[EventDate "1984.07.15"]
[EventType "tourn"]
[EventRounds "9"]
[EventCountry "ENG"]
[SourceTitle "BritBase"]
[Source "John Saunders"]
[SourceDate "2020.09.07"]
[SourceVersion "1"]
[SourceVersionDate "2020.09.07"]
[SourceQuality "2"]

1. e4 e5 2. Nf3 Nc6 3. Bb5 f5 4. d4 fxe4 5. Bxc6 dxc6 6. Nxe5 Bd6 7. Qh5+ g6 8.
Nxg6 Nf6 9. Qh4 Rg8 10. Ne5 Bf5 11. Bg5 Be7 12. c3 Qd6 13. Nd2 Qe6 14. Nb3
O-O-O 15. g4 Bxg4 16. Nxg4 Rxg5 17. Qxg5 Nxg4 18. Nc5 Bxc5 19. Qxc5 e3 20. f3
Nf2 21. Ke2 Nxh1 22. Rxh1 Qg6 23. Kxe3 Re8+ 24. Kf4 Qh6+ 25. Qg5 Rf8+ 26. Kg4
Qe6+ 27. Kh4 Rg8 28. Qf4 Qe7+ 29. Kh3 Qe6+ 30. Kh4 Qe7+ 31. Kh3 Qd7+ 32. Kh4
Qd8+ 33. Kh3 Qd7+ 34. Kh4 Qe7+ 35. Kh3 1/2-1/2